000 01089nas a2200373 4500
001 BR0809803
003 BR-BrBNA
005 20231205112544.0
007 ta
008 230509b bl.|||p| |||| 00| 00por d
040 _aBR-BrBNA
_bpor
_cBiblioteca Nacional de Agricultura
041 _a(Pt)
072 _aQ02; Q04
100 1 _aAtzingen, M.C.B.C. von
100 1 _aRibalta, M.
100 1 _aSantinho, M.A.R.
100 1 _aFontes, R.
100 1 _aCastro, M.
100 1 _aSilva, M.E.M.P. e
245 1 _aCaracterísticas físico químicas de dietas enterais artesanais com hidrolisado protéico de carne
650 _aCARNE
650 _aBOVINO
650 _aFRANGO
650 _aPERU
650 _aALIMENTO PREPARADO
650 _aVALOR NUTRITIVO
650 _aVISCOSIDADE
650 _aOSMOSE
650 _aTECNOLOGIA DE ALIMENTO
650 _aPROPRIEDADE FÍSICO-QUÍMICA
773 0 _tAlimentos e Nutrição (Brazil)
_xISSN 0103-4235
_g(Apr-Jun 2007), v. 18(2) p. 183-189
_wBR0809803
909 _a202311
_bLúcia
_c55
_dLúcia Elande
942 _2AGRIS
_n0
_cANA
999 _c198648
_d198648